Statystyki dla Państwa z największą liczbą gatunków

Kliknij tutaj aby rozwiązać quiz!

Ogólne statystyki

  • Ten quiz został rozwiązany 11 656 razy
  • Średni wynik to 14 z 20

Statystyki odpowiedzi

GatunkiKraj% Poprawnych
21 474Stany Zjednoczone
96%
59 851Brazylia
94%
34 687Chiny
94%
12 468Rosja
93%
17 974Australia
89%
21 020Indie
86%
28 836Meksyk
83%
25 052Południowa Afryka
76%
32 680Indonezja
75%
54 649Kolumbia
73%
20 081Peru
70%
13 107Dem. Rep. Konga
67%
23 429Wenezuela
66%
19 561Boliwia
60%
13 340Tajlandia
57%
22 065Ekwador
55%
12 034Wietnam
52%
17 171Malezja
49%
13 115Papua-Nowa Gwinea
36%
13 630Kostaryka
22%

Rozkład punktacji

Percentyl według liczby udzielonych odpowiedzi

Procent ludzi z każdym wynikiem

Twoja historia wyników

Nie rozwiązałeś tego quizu